01085nam0a22002291 4500001001100000005001700011035002600028100004100054101000800095102000700103105001800110200024500128210005700373215003900430300012600469702003600595702003400631712012800665801001800793801002200811852002200833rc\277322120260406204042.0 a(NLR Aleph) 006899552 a20110915d1941 u y0rusy50 ca0 arus aRU aa z |||||1 aПостройка 200 вагоноремонтных пунктовfСоставители: инж. И. С. Гриценко, К. В. КарабановgН.-и. ин-т ж. д. строит-ва и проектирования НКПС aМоскваcТрансжелдориздатd1941 a88 с.cил., черт.d15 см. aНа 5-й стр. указаны составители: инж. И. С. Гриценко и К. В. Карабанов 1aКарабановbК.В.4220 1aГриценкоbИ.С.422002aВНИИ железнодорожного строительства и проектирования3RU\NLR\AUTH\889964392 0aRUbNLRgpsbo 1aRUbELAR2rusmarc aNLRjТ88 Г-2/86